|
|
|
|
| LEADER |
00000nab a2200000 a 4500 |
| 001 |
vtls000728906 |
| 003 |
SK-MaSNL |
| 005 |
20260304220152.0 |
| 008 |
250429c2000 xo 0 slo |
| 015 |
|
|
|a SNBRB2000/09-22367
|
| 035 |
|
|
|a CLN000081052
|
| 035 |
|
|
|a urn:nbn:sk:snk-abk34
|
| 035 |
|
|
|a (urnnbn)urn:nbn:sk:snk:ar-a03fhl
|
| 035 |
|
|
|a (uuid)8ca90562-5644-4ee0-bdea-91d9e649ff93
|
| 040 |
|
|
|a SNKBUCL
|b slo
|c SNKBUCL
|e AACR2
|
| 041 |
0 |
|
|a slo
|
| 044 |
|
|
|a xo
|c SK
|
| 080 |
|
|
|a 616-001-08
|2 1997
|
| 100 |
1 |
|
|a Zelenák, J.
|4 aut
|9 725834
|
| 245 |
1 |
0 |
|a Resuscitation surgeries in patients with polytrauma
|c J. Zelenák, M. Huťan, K. Kálig
|
| 246 |
1 |
1 |
|a Resuscitačné operácie u polytraumatizovaných pacientov
|
| 504 |
|
|
|a Res. angl., slov.
|
| 504 |
|
|
|a Bibliogr. odkazy
|
| 650 |
0 |
7 |
|a polytrauma
|x resuscitácia
|2 snkbucl
|9 1551502
|
| 650 |
0 |
7 |
|a resuscitácia
|2 snkbucl
|9 18888
|
| 655 |
|
7 |
|a články z novín a časopisov
|2 snkbucl
|9 267496
|
| 700 |
1 |
|
|a Huťan, Martin,
|d 1951-2012
|4 aut
|9 224494
|
| 700 |
1 |
|
|a Kálig, Karol,
|d 1949-
|4 aut
|9 11627
|
| 773 |
0 |
|
|t Bratislavské lekárske listy
|g Roč. 101, č. 4 (2000), s. 206-208
|x 0006-9248
|
| 850 |
|
|
|a Slovenská národná knižnica
|
| 852 |
|
|
|a Slovenská národná knižnica
|
| 954 |
|
|
|a odborná, vedecká literatúra pôvodná (slovenská)
|2 lita
|
| 958 |
|
|
|a article27
|
| 958 |
|
|
|a MI
|
| 958 |
|
|
|a NB
|
| 958 |
|
|
|a OND
|
| 958 |
|
|
|a EUIPO
|
| 992 |
|
|
|a RBX
|
| 999 |
|
|
|c 3150436
|d 3152366
|